Loucas Seljúcidas (Record no. 423)
[ view plain ]
| 000 -CABECERA | |
|---|---|
| campo de control de longitud fija | 00638nam a2200193 a 4500 |
| 001 - NÚMERO DE CONTROL | |
| campo de control | BRCA_489 |
| 005 - FECHA Y HORA DE LA ÚLTIMA TRANSACCIÓN | |
| campo de control | 20190320203031.0 |
| 008 - DATOS DE LONGITUD FIJA--INFORMACIÓN GENERAL | |
| campo de control de longitud fija | 121005s1988----sp-a---###---#000-0#spa-d |
| 050 #4 - SIGNATURA TOPOGRÁFICA DE LA BIBLIOTECA DEL CONGRESO | |
| Número de clasificación | NK4290 |
| Número de documento/Ítem | .M67 1988 |
| 100 1# - ENTRADA PRINCIPAL--NOMBRE DE PERSONA | |
| Nombre de persona | Mota, María Manuela |
| 9 (RLIN) | 1689 |
| 245 10 - MENCIÓN DE TÍTULO | |
| Título | Loucas Seljúcidas |
| Resto del título | Pérsia e Síria |
| Mención de responsabilidad, etc. | María Manuela Mota. |
| 260 ## - PUBLICACIÓN, DISTRIBUCIÓN, ETC. | |
| Lugar de publicación, distribución, etc. | Lisboa |
| Nombre del editor, distribuidor, etc. | Museo Calouste Gulbenkian |
| Fecha de publicación, distribución, etc. | 1988. |
| 300 ## - DESCRIPCIÓN FÍSICA | |
| Extensión | v.1 |
| Otras características físicas | il. |
| Dimensiones | 24 cm. |
| 504 ## - NOTA DE BIBLIOGRAFÍA, ETC. | |
| Nota de bibliografía, etc. | Bibliografía: p. 119-122 |
| 546 ## - NOTA DE LENGUA/LENGUAJE | |
| Nota de lengua/lenguaje | Texto en inglés y francés |
| 650 14 - PUNTO DE ACCESO ADICIONAL DE MATERIA--TÉRMINO DE MATERIA | |
| Término de materia o nombre geográfico como elemento de entrada | Cerámica esmaltada |
| Subdivisión cronológica | Siglo XII-XVIII |
| Subdivisión geográfica | Persia y Siria |
| 9 (RLIN) | 1690 |
| 650 14 - PUNTO DE ACCESO ADICIONAL DE MATERIA--TÉRMINO DE MATERIA | |
| Término de materia o nombre geográfico como elemento de entrada | Arte islámico |
| Subdivisión de forma | Esmaltes |
| Subdivisión general | Cerámica |
| 9 (RLIN) | 1691 |
| 942 ## - ELEMENTOS DE PUNTO DE ACCESO ADICIONAL (KOHA) | |
| Fuente del sistema de clasificación o colocación | Library of Congress Classification |
| Tipo de ítem Koha | Libros |
| Estado de retiro | Estado de pérdida | Estado dañado | No para préstamo | Localización permanente | Ubicación/localización actual | Fecha de adquisición | Total de préstamos | Signatura topográfica completa | Código de barras | Fecha visto por última vez | Precio válido a partir de | Tipo de ítem Koha |
|---|---|---|---|---|---|---|---|---|---|---|---|---|
| El ejemplar forma parte de la colección y puede ser consultado según las políticas vigentes. | Biblioteca del Museo Franz Mayer (Rogerio Casas-Alatriste) | Biblioteca del Museo Franz Mayer (Rogerio Casas-Alatriste) | 25/06/2008 | NK4290 .M67 1988 | 00789 | 22/03/2019 | 22/03/2019 | Libros |